00396nam a2200121Ia 4500003000400000005001700004008004100021082002600062100001900088245010100107260005800208300000800266OSt20230210140559.0140316s9999 xx 000 0 und d a331.125 IGIDRbMAH/EX aMahendra Dev,S aExperience of India`s (Maharashtra) employment guarantee scheme : lessons for development policy bIndira Gandhi institute of development researchc1996 a253